Biblioteca

Teología y cosmovisión en la ética a la luz del caso de Friedrich Nietzsche (Registro nro. 61431)

Detalles MARC
000 -LÍDER
Campo fijo de descripción fija 01364aab a2200229 i 4500
001 - NÚMERO DE CONTROL
Campo de control 768714001
003 - IDENTIFICADOR DEL NÚMERO DE CONTROL
Campo de control CO-MdFUSB
005 - FECHA Y HORA DE LA ULTIMA TRANSACCIÓN
control field 20230111153904.0
008 - ELEMENTOS DE LONGITUD FIJA -- INFORMACIÓN GENERAL
Campo fijo de descripción fija -- Información general 210918b ck ||||| |||| 00| 0 spa d
022 ## - NÚMERO INTERNACIONAL NORMALIZADO PARA PUBLICACIONES SERIADAS
Número Internacional Normalizado para Publicaciones Seriadas 10149341
040 ## - FUENTE DE CATALOGACIÓN
Idioma de catalogación spa
Agencia que realiza la transcripción CO-MdFUSB
Agencia que realiza la modificación CO-MdFUSB
041 ## - CÓDIGO DE IDIOMA
Código de idioma para texto/pista de sonido o título separado spa
100 1# - ASIENTO PRINCIPAL--NOMBRE PERSONAL
Nombre personal Ramírez de Aguilar, Elsa
Término relacionador autor
245 #0 - TÍTULO
Título Teología y cosmovisión en la ética a la luz del caso de Friedrich Nietzsche
Mención de responsabilidad / Elsa Ramírez de Aguilar
300 ## - DESCRIPCIÓN FÍSICA
Extensión Número 36 (Enero-junio, 2005), páginas 11-23
Dimensiones ; 23 cm
520 ## - NOTA DE RESUMEN, ETC.
Nota de sumario, etc. La verdad bíblica debe transformar nuestra cosmovisión y ética. Sin embargo, en realidad la cosmovisión y la ética aun de los cristianos son formadas en gran parte por tradiciones y por un postmodernismo globalizado. Friedrich Nietzsche, padre del postmodernismo, formuló su pensamiento en reacción a filosofías y teologías incapaces de cambiar la conducta de sus adeptos. Aunque los cristianos no podemos aceptar sus propuestas principales, debemos tomar su caso como un acicate a conocer la verdad de tal manera que nos transforme.
650 #7 - ASIENTO SECUNDARIO DE MATERIA - TERMINO TEMÁTICO
Término temático o nombre geográfico como elemento de entrada Filosofía
9 (RLIN) 7168
690 ## - CAMPO LOCAL DE ACCESO TEMÁTICO
Término temático o nombre geográfico como elemento de entrada Ética cristiana
773 0# - ASIENTO DE ITEM FUENTE
Título Kairós
Biblionumber 49489
Itemnumber 61224
Parte(s) relacionada(s) / Volumen., número. (mes año), páginas Número 36 (Enero-junio, 2005), páginas 11-23
Enumeración y primera página Páginas 11
Otro identificador del ítem R2147
773 0# - ASIENTO DE ITEM FUENTE
Título Kairós
Biblionumber 49489
Itemnumber 81321
Parte(s) relacionada(s) / Volumen., número. (mes año), páginas Número 36 (Enero-junio, 2005), páginas 11-23
Enumeración y primera página Páginas 11
942 ## - TIPO DE MATERIAL (KOHA)
Tipo de Item KOHA Artículos de Revista

No hay ítems disponibles.

Biblioteca FUSBC | Teléfono: (57+4) 349 88 10 Ext. 141| WhatsApp (+57) 3005338115 
E-mail: biblioteca@unisbc.edu.co | Calle 76 87-14 Robledo Palenque, Medellín, Colombia

Con tecnología Koha